Trombinoscope - Mes abonnements YouTube - Statistiques

Statistiques générales
  • Ce quiz a été pris 55 fois
  • Le résultat moyen est 23 sur 100
Statistiques - réponses
Hint Réponse % Correct
MrAntoineDaniel
85%
Remontada
83%
Le Vortex - ARTE
81%
Joueur Du Grenier
81%
SQUEEZIE
77%
TheoBabac
77%
Sylvain Lyve
70%
Nota Bene
68%
Etoiles
68%
Climate Town
66%
SEB
66%
HortyUnderscore
62%
Not Just Bikes
60%
MisterJDay
60%
Maqwell
55%
RTGame
53%
Scilabus
51%
BABOR LELEFAN
51%
Mehdi Maïzi
47%
Stuff Made Here
47%
Chat Sceptique
45%
Jean Massiet
45%
COLAS BIM
40%
Sylvqin
32%
Iconoclaste
30%
Mickaël Launay (Micmaths)
30%
GeoWizard
28%
Axolot
28%
Les Revues du Monde
26%
Wiloo
26%
Ascuns
26%
3Blue1Brown
26%
Chris and Jack
23%
Zealand
23%
EGO
21%
RedEmption
21%
Sneaze
19%
Eddy Burback
17%
TheGreatReview
17%
Hygiène Mentale
17%
Fouloscopie
17%
Numberphile
17%
Tom Scott
15%
Jay and Mark
15%
Misterfox
15%
vlogbrothers
15%
Karim Debbache
15%
Atlas Pro
15%
TierZoo
15%
Corridor Digital
13%
Geography Now
13%
Balade Mentale
13%
Le Radis Irradié / Eric.K
13%
Thomas Gauthier
13%
No Bitrate
13%
Kick Sama
11%
Kappa Kaiju
11%
Smosh
11%
Notseriou's
11%
justinthetrees
9%
The Slow Mo Guys
9%
Maskey
9%
Danny Gonzalez
9%
ScienceEtonnante
9%
Simone Giertz
9%
brian david gilbert
9%
DEFAKATOR
9%
Physics Girl
9%
Coffeezilla
9%
LEMMiNO
9%
SmallAnt
9%
Wendover Productions
6%
Philosophy Tube
6%
AlphaPhoenix
6%
Practical Engineering
6%
Le Ferrovipathe
6%
CGP Grey
6%
Alpharad
4%
Adam Neely
4%
Solar Sands
4%
Steve Mould
4%
Florent Garcia
4%
Miniminuteman
4%
Science de comptoir
4%
Drew Gooden
4%
Stand-up Maths
4%
William Osman
4%
The Tim Traveller
4%
AsumSaus
2%
Tom Lum
2%
Messing Number (Trxns)
2%
xkcd's What If?
2%
Howtown
2%
Technology Connections
2%
Altis play
2%
BobbyBroccoli
2%
Sideways
2%
Folding Ideas
2%
Ed Pratt
2%
DougDoug
2%
Aucun quiz correspondant
Distribution des résultats
% des personnes avec chaque résultat
Percentile par nombre de réponses
Votre historique - résultats
Vous n’avez pas pris ce quiz